| 000 | 00705cab a2200193 4500 | ||
|---|---|---|---|
| 001 | ABS40659 | ||
| 008 | 090401t1989 xxu||||| |||| 00| 0 eng d | ||
| 035 | _a(Sirsi) u25303 | ||
| 041 | _aeng | ||
| 100 | _aMacdonald, R.G. | ||
| 245 | 4 | _aThe European healthy cities project | |
| 260 | _c1989 | ||
| 350 | _a0 | ||
| 490 |
_aUrban Design Quarterly _v(30) April 1989, 4-7(4) |
||
| 520 | _aExamines the European Healthy Cities Project , a major initiative by the World Health Organisation , to redevelop cities with a view to the achievement and maintenance of good health , the major British city involved being Liverpool . | ||
| 690 | _aPLANNING LAW AND PRACTICE | ||
| 942 | _n0 | ||
| 948 | _c04/03/1997 | ||
| 999 |
_c16984 _d16984 |
||